| 000 | 00783nac a22001931u 4500 | ||
|---|---|---|---|
| 008 | 100906s2003 ii |||||r|||| 00| 0 eng d | ||
| 082 | 0 | 0 |
_a005.133 _bYED _222 |
| 100 |
_aLangsam, Yedidyah, _918156 |
||
| 245 | 1 | 0 |
_aData structures using Java / _cYedidyah Langsam, Moshe J. Augenstein, Aaron M. Tenenbaum. |
| 260 |
_aNew Delhi : _bPearson Prentice Hall, _c2003. |
||
| 300 |
_axvii, 670 p. : _bill. ; _c25 cm. |
||
| 500 | _aOn t.p. the registered trademark symbol "TM" is superscript following "Java" in the title. | ||
| 500 | _aIncludes index. | ||
| 650 | 0 |
_aJava (Computer program language) _918157 |
|
| 650 | 0 |
_aData structures (Computer science) _918158 |
|
| 700 | 1 |
_aAugenstein, Moshe, _d1947- _918159 |
|
| 700 | 1 |
_aTenenbaum, Aaron M. _918160 |
|
| 942 |
_cBB _k005.133L285 _2ddc |
||
| 999 |
_c521 _d521 |
||